| 000 | 01525 a2200277 4500 | ||
|---|---|---|---|
| 003 | OSt | ||
| 005 | 20180116182810.0 | ||
| 008 | 160830b xxu||||| |||| 00| 0 eng d | ||
| 020 | _a0761992162 | ||
| 020 | _a9780761992165 | ||
| 040 | _c0 | ||
| 082 | 0 | 4 | _a338.830954 RAM 1998 |
| 100 | 1 | _aRamu, S Shiva. | |
| 245 | 1 | 0 |
_aCorporate growth through mergers and acquisitions / _cS.Shiva Ramu. |
| 250 | _aillustrated edition ed. | ||
| 260 |
_aNew Delhi _bSage Publications Pvt. Ltd, _c1998. |
||
| 300 |
_a299 p. ; _c22 cm. _bphoto copy |
||
| 440 | _aCorporate growth through mergers and acquisitions | ||
| 490 | 1 | _aResponse books. | |
| 500 | _aHardcover. | ||
| 520 | _aThis book provides a comprehensive overview of the concept and practice of mergers and acquisitions (M&A), especially in India, through examples and case studies. The various processes involved in M&A are dealt with: the motivation to merge or acquire; the identification of target companies; and the financial and non-financial issues involved; the legal framework under which such activities take place; and planning for integration and evaluating performance after merger. In addition, the book focuses on emerging trends and likely future directions in India's corporate world. | ||
| 830 | 0 | _aResponse books. | |
| 856 | 4 | 0 |
_3Amazon.com _uhttp://www.amazon.com/exec/obidos/ASIN/0761992162/chopaconline-20 |
| 856 | 4 | 0 |
_3Amazon customer reviews _uhttp://www.chopac.org/cgi-bin/tools/azrev.pl?q=0761992162 |
| 942 |
_aNBS _cBK _k338.830954 RAM 1998 _2ddc |
||
| 999 |
_c346202 _d346202 |
||